000 00268nam a2200121Ia 4500
008 241002s9999 xx 000 0 und d
082 _a808.3 CAM
100 _aCamous, Albert
245 4 _aThe plague
260 _aLondon:
_c1971
600 _aLiterature
942 _cUC
999 _c18757
_d18757